Štúdium vplyvu parametrov zvárania na celistvosť zvarových spojov vyhotovených z Ti zliatiny laserovým lúčom

Uložené v:
Podrobná bibliografia
Hlavný autor: Mužila, Marek (Autor)
Ďalší autori: Kovaříková, Ingrid (Vedúci práce)
Médium: Rukopis Kniha
Jazyk:Slovak
Vydavateľské údaje: 2019
Predmet:
On-line prístup:http://is.stuba.sk/zp/portal_zp.pl?podrobnosti=143593
Tagy: Pridať tag
Žiadne tagy, Buďte prvý, kto otaguje tento záznam!

MARC

LEADER 00000ntm a22000003a 4500
001 stuzp72912
003 SK-STU
005 20190608211237.2
007 ta
008 150427s2015----xo-----f-mn---000-0-slo-d
040 |a STU  |b slo 
041 0 |a slo 
100 1 |a Mužila, Marek  |u 063000  |k Z4  |4 aut  |U MTF Materiálovotechnologická fakulta  |T MTF Ústav výrobných technológií  |X 71546  |U M3000  |Y 83  |7 71546 
242 0 1 |a Study the effect of welding parameters on the integrity of Ti weld joints made by laser beam  |y eng 
245 1 0 |a Štúdium vplyvu parametrov zvárania na celistvosť zvarových spojov vyhotovených z Ti zliatiny laserovým lúčom 
260 |c 2019 
650 4 |a Grade 5  |2 slo 
650 4 |a zveriteľnosť zliatiny  |2 slo 
650 4 |a laserové zváranie  |2 slo 
650 4 |a laser welding  |2 eng 
650 4 |a Grade 5  |2 eng 
650 4 |a alloy weldability  |2 eng 
700 1 |a Kovaříková, Ingrid  |u 063100  |k Z2  |4 ths  |U MTF Ústav výrobných technológií  |T MTF Katedra zvárania a spájania materiálov  |X 2770  |U M3100  |Y 162  |7 A000002770 
856 4 |u http://is.stuba.sk/zp/portal_zp.pl?podrobnosti=143593 
996 |c M* DP-13984  |l MMSKP  |s P  |a 0  |w stuzp72912_0001